| 000 | 01367nam a2200337Ia 4500 | ||
|---|---|---|---|
| 001 | ebr10643989 | ||
| 003 | CaPaEBR | ||
| 006 | m u | ||
| 007 | cr cn||||||||| | ||
| 008 | 121003s2013 nyu sb 001 0 eng d | ||
| 010 | _z 2012036414 | ||
| 020 | _z9781433121395 (hardcover : alk. paper) | ||
| 020 | _z9781453909935 (e-book) | ||
| 040 |
_aCaPaEBR _cCaPaEBR |
||
| 035 | _a(OCoLC)829936206 | ||
| 050 | 1 | 4 |
_aB2430.M34 _bI23 2013eb |
| 082 | 0 | 4 |
_a370.1/2 _223 |
| 100 | 1 |
_aIbarra, Luz M., _d1956- |
|
| 245 | 1 | 0 |
_aMaritain, religion, and education _h[electronic resource] : _ba theocentric humanism approach / _cLuz M. Ibarra. |
| 260 |
_aNew York : _bP. Lang, _cc2013. |
||
| 300 | _aix, 211 p. | ||
| 490 | 0 |
_aAmerican university studies. VII, Theology and religion, _x0740-0446 ; _vv. 326 |
|
| 504 | _aIncludes bibliographical references and index. | ||
| 533 |
_aElectronic reproduction. _bPalo Alto, Calif. : _cebrary, _d2013. _nAvailable via World Wide Web. _nAccess may be limited to ebrary affiliated libraries. |
||
| 600 | 1 | 0 |
_aMaritain, Jacques, _d1882-1973. |
| 650 | 0 |
_aEducation _xPhilosophy. |
|
| 650 | 0 |
_aReligious education _xPhilosophy. |
|
| 655 | 7 |
_aElectronic books. _2local |
|
| 710 | 2 | _aebrary, Inc. | |
| 856 | 4 | 0 |
_uhttp://site.ebrary.com/lib/rucke/Doc?id=10643989 _zAn electronic book accessible through the World Wide Web; click to view |
| 999 |
_c29844 _d29844 |
||